000 00671nam a2200229 a 4500
001 BRL_88
005 20190320210601.0
008 750702s1950 mx-a######---#000-0#spa-#
041 _aspa
044 _amx
050 4 _aN6553
_b.E53 8 1950
100 1 _aSiqueiros, David Alfaro
_d1896-1974
_921012
245 1 0 _aEl muralismo de México
_cDavid Alfaro Siqueiros.
260 _aMéxico
_bEdiciones Mexicanas
_c1950
300 _a35 p.
_bil. (algunas a color), 60 láminas
_c23 cm.
440 0 _aEnciclopedia mexicana de arte
_v8
_922870
500 _aAu138
650 1 4 _aArte
_zMéxico
_922871
650 1 4 _apintura mural
_zMéxico
_95317
902 _aGRL
942 _2lcc
_cB
999 _c8901
_d8901